Physique et métaphysique kantiennes

Guardat en:
Dades bibliogràfiques
Autor principal: Vuillemin, Jules (Autor)
Format: Llibre
Idioma:francès
Publicat: París Universitaires de France 1955
Col·lecció:Bibliothèque de Philosophie Contemporaine
Matèries:
Etiquetes: Afegir etiqueta
Sense etiquetes, Sigues el primer a etiquetar aquest registre!

MARC

LEADER 00000nam a2200000 a 4500
001 UCZ4739
003 CL-VaPUC
008 951110e19550000FR |||||||||||||||||fre|d
082 0 4 |a 110  |b VUI  |2 21 
100 0 |a Vuillemin, Jules  |e author  |9 348742 
245 1 0 |a Physique et métaphysique kantiennes 
300 |a 363 p 
600 0 |a Kant, Immanuel,  |d 1724-1804  |9 858687 
942 |c BK 
945 |d 19951110 00:00:00  |a lriquelm 
260 |a París  |b Universitaires de France  |c 1955 
650 0 |a Metafísica  |9 265649 
650 0 |a Filosofía de las ciencias  |9 256466 
650 0 |a Mecánica   |9 260096 
650 0 |a Fenomenología  |9 256519 
650 0 |a Filosofía alemana   |9 265002 
583 |a last modification  |c 19951110 00:00:00  |k Rodrigo Vera 
490 0 |a Bibliothèque de Philosophie Contemporaine 
999 |c 241106  |d 241104 
952 |0 0  |1 0  |4 0  |6 110_000000000000000_VUI_1955  |7 0  |8 P  |9 253269  |a BIBEDU  |b BIBEDU  |c BIBEDU_PB  |d 2019-11-19  |i 1597949  |o 110 VUI 1955  |p 1597949  |r 2024-01-25  |w 2019-11-19  |y BK  |k FIL